[Event "IRI-ch Online"]
[Site "Chess.com INT"]
[Date "2021.03.17"]
[Round "6"]
[White "Fathi, Himan"]
[Black "Baghdar, Artin"]
[Result "1-0"]
[WhiteElo "1980"]
[BlackElo "1622"]
[PlyCount "105"]
[EventDate "2021.03.15"]
[EventType "swiss (rapid)"]
[EventRounds "11"]
[EventCountry "IRI"]
[SourceTitle "CBM 201 Extra"]
[Source "ChessBase"]
[SourceDate "2021.05.31"]
[SourceVersion "1"]
[SourceVersionDate "2021.05.31"]
[SourceQuality "1"]

1. e4 e5 2. Nf3 Nc6 3. Bc4 Nf6 4. d3 Bc5 5. c3 d6 6. Bg5 h6 7. Bh4 g5 8. Bg3 Be6 9. Bb3 Qd7 10. Nbd2 0-0-0 11. Qe2 Rhe8 12. 0-0-0 Na5 13. Kb1 Nxb3 14. Nxb3 Bxb3 15. axb3 Bb6 16. c4 a5 17. Qc2 Qc6 18. Rhe1 Bd4 19. Nxd4 exd4 20. f3 Nd7 21. Bf2 Qb6 22. Ka2 c5 23. Re2 Kc7 24. Ra1 Ra8 25. Be1 Ne5 26. Kb1 Nc6 27. Ra4 Nb4 28. Qd2 Re7 29. h4 f6 30. g4 Nc6 31. Rh2 Nb4 32. hxg5 hxg5 33. Rh6 Rf8 34. Qd1 Kb8 35. Bxb4 cxb4 36. Kc2 Qc7 37. Qg1 Qc5 38. Ra1 b6 39. Qg3 Rff7 40. Rh8+ Kb7 41. Rah1 Qe5 42. Qh2 d5 43. cxd5 Rc7+ 44. Kb1 a4 45. bxa4 b3 46. Qxe5 fxe5 47. R1h3 Ka6 48. Ra8+ Kb7 49. Rhh8 Rcd7 50. Rhb8+ Kc7 51. Rc8+ Kd6 52. Rc6+ Ke7 53. Re6# 1-0

[Event "IRI-ch Online"]
[Site "Chess.com INT"]
[Date "2021.03.16"]
[Round "4"]
[White "Baghdar, Artin"]
[Black "Aadeli, Arvin"]
[Result "0-1"]
[WhiteElo "1622"]
[BlackElo "2115"]
[PlyCount "124"]
[EventDate "2021.03.15"]
[EventType "swiss (rapid)"]
[EventRounds "11"]
[EventCountry "IRI"]
[SourceTitle "CBM 201 Extra"]
[Source "ChessBase"]
[SourceDate "2021.05.31"]
[SourceVersion "1"]
[SourceVersionDate "2021.05.31"]
[SourceQuality "1"]

1. e4 c5 2. Nc3 g6 3. g3 Bg7 4. Bg2 Nc6 5. Nge2 d6 6. d3 Nf6 7. h3 Bd7 8. Be3 Qc8 9. Qd2 Rb8 10. f4 b5 11. a3 a5 12. g4 b4 13. axb4 axb4 14. Nd1 h5 15. g5 Nh7 16. Ng3 h4 17. Ne2 Nf8 18. c3 bxc3 19. bxc3 Nh7 20. d4 cxd4 21. cxd4 0-0 22. Rc1 Qa6 23. 0-0 Nb4 24. Ndc3 Rfc8 25. f5 Qd3 26. fxg6 fxg6 27. Qxd3 Nxd3 28. Rb1 Be6 29. Kh2 Nf8 30. Rfd1 Nb2 31. Rdc1 Nc4 32. Bf2 Nd2 33. Ra1 Nb3 34. Bxh4 Nxc1 35. Rxc1 Bc4 36. Ra1 Rb2 37. Ng1 Bxd4 38. Nd1 Rxg2+ 39. Kxg2 Bxa1 40. Nf3 Be2 41. Ne3 Bxf3+ 42. Kxf3 e6 43. Ng4 Be5 44. Nh6+ Kg7 45. Bf2 Rc3+ 46. Kg4 d5 47. Kh4 d4 48. Ng4 Nd7 49. Nxe5 d3 50. Nxd7 Rc4 51. Ne5 Rxe4+ 52. Kg3 d2 53. Nf3 d1Q 54. h4 Qd6+ 55. Kg2 Rg4+ 56. Kf1 Rf4 57. Ne1 Qd2 58. Nd3 Qxd3+ 59. Kg1 Qd1+ 60. Kg2 Qe2 61. h5 Qxf2+ 62. Kh1 Rh4# 0-1

[Event "Gorgan Fajr Cup"]
[Site "Gorgan"]
[Date "2015.01.30"]
[Round "4"]
[White "Baghdar, Artin"]
[Black "Alinezhad, Mohammad Reza"]
[Result "0-1"]
[WhiteElo "1487"]
[BlackElo "1842"]
[PlyCount "52"]
[EventDate "2015.01.28"]
[EventType "swiss"]
[EventRounds "9"]
[EventCountry "IRI"]
[SourceTitle "EXT 2016"]
[Source "ChessBase"]
[SourceDate "2015.10.08"]
[SourceVersion "1"]
[SourceVersionDate "2015.10.08"]
[SourceQuality "1"]

1. e4 c6 2. d4 d5 3. exd5 cxd5 4. Bd3 Nf6 5. Bf4 Nc6 6. c3 e6 7. Nf3 Be7 8. 0-0 0-0 9. Nbd2 Nh5 10. Bg3 Nxg3 11. hxg3 a6 12. g4 b5 13. b4 Bb7 14. g3 Rc8 15. Kg2 e5 16. dxe5 d4 17. Rh1 g6 18. Be4 dxc3 19. Nb3 Qxd1 20. Raxd1 Rfd8 21. Bxc6 Bxc6 22. Nbd4 Bb7 23. Nb3 c2 24. Rxd8+ Rxd8 25. Rc1 Rd3 26. Rxc2 Bxf3+ 0-1